| 000 | 01428nam a22003017i 4500 | ||
|---|---|---|---|
| 001 | 768714001 | ||
| 003 | CO-MdFUSB | ||
| 005 | 20240226152207.0 | ||
| 007 | ta | ||
| 008 | 240212t2006 sp |||| |||| 00| 0 spa d | ||
| 020 | _a8474239842 | ||
| 040 |
_aCO-MdFUSB _bspa _cCO-MdFUSB _dCO-MdFUSBC _erda |
||
| 041 | _aspa | ||
| 082 |
_223 _a170 _bC199 |
||
| 245 | 1 |
_aHistoria de la ética : _bde los griegos al Renacimiento _c/ editado por Victoria Camps |
|
| 264 | 1 |
_bCrítica, _aEspaña : _c[2006] |
|
| 264 | 4 | _c©2006 | |
| 300 |
_a592 páginas _c; 20 cm |
||
| 336 |
_2rdacontent _atexto _btxt |
||
| 337 |
_2rdamedia _asin mediación _bn |
||
| 338 |
_2rdacarrier _avolumen _bnc |
||
| 505 | _aEl mundo homérico / Emilio Lledó. -- Los sofistas y Sócrates / Carlos García Gual. -- Platón / Carlos García Gual. -- Aristóteles y la ética de la "polis" / Emilio Lledó. -- Los estoicos / Juan Carlos García Borrón. -- Epicuro y su jardín / Manuel Fernández-Galiano. -- El cristianismo y la filosofía moral cristiana / José Gómez Caffarena. -- La Edad Media / Saturnino Álvarez Turienzo. -- La ética protestante / José Luis L. Aranguren. -- Humanismo y ética / Francisco Rico. -- La filosofía política en el Renacimiento: Maquiavelo y las utopías / Miguel Ángel Granada. | ||
| 563 | _aRústico | ||
| 650 | 7 |
_aÉtica social. _9186 |
|
| 700 |
_aCamps, Victoria, _91737 _eeditor |
||
| 942 | _cBK | ||
| 945 | _aJTF-925 | ||
| 999 |
_c69299 _d69299 |
||